Normal view
MARC view
- Silveyra Rosales, Mariana Teresa
Entry Nombre Personal
001 - NUMERO DE CONTROL
- campo de control: 59386
003 - IDENTIFICADOR DE NUMERO DE CONTROL
- campo de control: MX-MxUPN
005 - FECHA Y HORA DE LA ÜLTIMA TRANSACCIÓN
- campo de control: 20260427115427.0
008 - DATOS DE LONGITUD FIJA
- campo de control de longitud fija: 260427|n ac|nnaabn | aaa d
040 ## - FUENTE DE CATALOGACIÓN
- Agencia original de catalogación: MX-MxUPN
- Lenguaje de catalogación: spa
100 1# - ENCABEZAMIENTO - NOMBRE PERSONAL
- Nombre personal: Silveyra Rosales, Mariana Teresa
670 ## - FUENTE EN LA QUE SE LOCALIZARON DATOS
- Cita de la fuente: Futuros educativos: pedagogías emergentes para un mundo complejo. Reflexiones desde la transdisciplina, 2025:
- Información localizada: portada (Mariana Teresa Silveyra Rosales)
- Uniform Resource Identifier: http://riaa.uaem.mx/handle/20.500.12055/4898
902 ## - CATALOGADOR
- Catalogador: JohanaAllegre/270426
